000 00722 a2200217 4500
003 0000
005 20251017102633.0
020 _a9780367895846
040 _erda
050 _aTJ 163.25 .R93 2025
100 _4Author
_aRychlik, Igor
245 _aFatigue prediction for Random Loads
_busing the Rain flow Method/
_cIgor Rychlik Sayan Gupta & georg Lindgren
264 _aBoca Raton
_bCRC Press
_c2025
300 _axxv, 305p.:
_bill.
336 _2rdacontent
338 _2rdacarrier
500 _aindex and references
504 _as: using the Rain flow Method
650 _2
942 _2lcc
_cBK
999 _c43877
_d43877